000 00399nam a22001337a 4500
040 _cNUST
082 _a200 THE
100 _aSyed Shah Mir Ul Hassan
_990710
110 _aSUPERVISOR Dr Ali Hassan
245 _aTH-SOF-1976-Currency Exchange Rate prediction using LSTM and Bi-LSTM
260 _aISLAMABAD:
_bNUST COLLEGE OF EME,
_c2022.
650 _aMS-COMPUTER ENGINEERING-18
942 _2ddc
_cTHE
999 _c588920
_d588920